International journal of shoulder surgery

Bibliographic Details
Corporate Author: Cape Shoulder Institute
Format: Electronic Journal
Language:English
Published: Cape Town, S.A. : Cape Shoulder Institute
Subjects:
Online Access:Full text available from Research Library: 01/01/2008 to 04/30/2016

MARC

LEADER 00000nas a2200000 a 4500
001 ssj0059181
003 WaSeSS
005 20200512172242.0
006 m d
007 cr n
008 071009u2007uuuusa qr pss | 0eng
010 |a  2007243328 
016 7 |a 101291740  |2 DNLM 
022 |a 0973-6042  |l 0973-6042 
035 |a (WaSeSS)ssj0059181 
040 |a NLM  |b eng  |c NLM  |d OCLCQ  |d NLM  |d CDS  |d CUS  |d SERSO  |d CUS  |d OCLCQ  |d OCLCO  |d OCLCF  |d EUW  |d OCLCQ  |d CASUM  |d OCLCA  |d OCLCO  |d OCLCA  |d NLM  |d OCLCA  |d WaSeSS 
042 |a pcc 
050 1 4 |a RD557.5 
060 1 0 |a W1 
210 1 |a Int. j. shoulder surg. 
222 0 |a International journal of shoulder surgery 
245 0 0 |a International journal of shoulder surgery  |h [electronic resource]. 
246 3 0 |a IJSS 
260 |a Cape Town, S.A. :  |b Cape Shoulder Institute 
310 |a Quarterly 
362 1 |a Began with: Vol. 1, issue 1 (Jan.-Mar. 2007); ceased publication with 2016? 
506 |a License restrictions may limit access. 
588 |a Description based on first issue; title from journal home page (publisher's Web site, viewed Mar. 29, 2007). 
650 0 |a Shoulder  |x Surgery  |v Periodicals. 
650 1 2 |a Shoulder  |x surgery. 
650 7 |a Shoulder  |x Surgery.  |2 fast  |0 (OCoLC)fst01117706 
655 0 |a Electronic journals. 
710 2 |a Cape Shoulder Institute. 
856 4 0 |z Full text available from Research Library: 01/01/2008 to 04/30/2016  |u https://search.proquest.com/publication/226496